书目信息 |
| 题名: |
犹太人的生意经
|
|
| 作者: | 孙朦 著 | |
| 分册: | ||
| 出版信息: | 北京 中华工商联合出版社 2020.03 |
|
| 页数: | 291页 | |
| 开本: | 22cm | |
| 丛书名: | ||
| 单 册: | ||
| 中图分类: | F715 | |
| 科图分类: | ||
| 主题词: | 犹太人--you tai ren--商业经营--经验 | |
| 电子资源: | ||
| ISBN: | 978-7-5158-2621-9 | |
| 000 | 00949nam0 2200253 450 | |
| 001 | CAL 0120202977231 | |
| 005 | 20200506170418.1 | |
| 010 | @a978-7-5158-2621-9@dCNY48.00 | |
| 100 | @a20200506d2020 em y0chiy0120 ea | |
| 101 | 0 | @achi |
| 102 | @aCN@b110000 | |
| 105 | @aa z 000yy | |
| 106 | @ar | |
| 200 | 1 | @a犹太人的生意经@Ayou tai ren de sheng yi jing@f孙朦著 |
| 205 | @a图解版 | |
| 210 | @a北京@c中华工商联合出版社@d2020.03 | |
| 215 | @a291页@c图@d22cm | |
| 300 | @a导读版 | |
| 330 | @a本书是一本经济管理类的读物。通过对犹太民族生存和经商方面的智慧的阐释, 浅显易懂地讲述了犹太商人的经商秘诀。通过阅读本书, 我们可以看到犹太商人在投资目标、商战谈判、信守契约等商业领域的智慧。有志于成为商业精英的人士, 可以从本书中得到更多商业理念和经营策略方面的提升。 | |
| 606 | 0 | @a犹太人@Ayou tai ren@x商业经营@x经验 |
| 690 | @aF715@v5 | |
| 701 | 0 | @a孙朦@Asun meng@4著 |
| 801 | 0 | @aCN@b人天书店@c20200506 |
| 905 | @aTSG@b0002326@dF715@eS932@f2 | |
| 犹太人的生意经/孙朦著.-图解版.-北京:中华工商联合出版社,2020.03 |
| 291页:图;22cm |
| 导读版 |
| ISBN 978-7-5158-2621-9:CNY48.00 |
| 本书是一本经济管理类的读物。通过对犹太民族生存和经商方面的智慧的阐释, 浅显易懂地讲述了犹太商人的经商秘诀。通过阅读本书, 我们可以看到犹太商人在投资目标、商战谈判、信守契约等商业领域的智慧。有志于成为商业精英的人士, 可以从本书中得到更多商业理念和经营策略方面的提升。 |
| ● |
| 相关链接 |
|
|
|
正题名:犹太人的生意经
索取号:F715/S932
 
预约/预借
| 序号 | 登录号 | 条形码 | 馆藏地/架位号 | 状态 | 备注 |
| 1 | 1532894 | 215328946 | 社科库409/409社科库 45排3列2层/ [索取号:F715/S932] | 在馆 | |
| 2 | 1532895 | 215328955 | 社科库409/409社科库 45排3列2层/ [索取号:F715/S932] | 在馆 |